Fluid mechanics through worked out problems (Record no. 2538)

000 -LEADER
fixed length control field 00578nam a22002177a 4500
001 - CONTROL NUMBER
control field 2538
003 - CONTROL NUMBER IDENTIFIER
control field BD-DhUET
008 - FIXED-LENGTH DATA ELEMENTS--GENERAL INFORMATION
fixed length control field 140924b xxu||||| |||| 00| 0 eng d
020 ## - INTERNATIONAL STANDARD BOOK NUMBER
International Standard Book Number 9843109230
040 ## - CATALOGING SOURCE
Transcribing agency 0
Modifying agency BD-DhUET
082 ## - DEWEY DECIMAL CLASSIFICATION NUMBER
Classification number 532
Item number QUA/2006
100 ## - MAIN ENTRY--PERSONAL NAME
Personal name Quamrul Islam , Md.
245 ## - TITLE STATEMENT
Title Fluid mechanics through worked out problems
250 ## - EDITION STATEMENT
Edition statement 1st ed.
260 ## - PUBLICATION, DISTRIBUTION, ETC. (IMPRINT)
Place of publication, distribution, etc. Gazipur
Name of publisher, distributor, etc. Islamic University of Technology
Date of publication, distribution, etc. 2006
300 ## - PHYSICAL DESCRIPTION
Extent xii,777 p.
504 ## - BIBLIOGRAPHY, ETC. NOTE
Bibliography, etc Includes bibliographies
650 #0 - SUBJECT ADDED ENTRY--TOPICAL TERM
Topical term or geographic name as entry element Fluid mechanics
700 ## - ADDED ENTRY--PERSONAL NAME
Personal name Mondal , Amalesh Chandra
942 ## - ADDED ENTRY ELEMENTS (KOHA)
Koha item type General Book
Holdings
Piece designation (barcode) Source of classification or shelving scheme Lost status Koha issues (times borrowed) Price effective from Sublocation or collection (holding branch) Koha full call number Shelving location Koha date last seen Date acquired Copy number Koha date last borrowed Koha normalized classification for sorting Damaged status Withdrawn status Koha renewals Koha out on loan Koha item type Location (home branch) Not for loan
102749  92014-09-24Central Library, BUET532/QUA/2006Circulation section2024-08-312014-09-2412024-08-31532QUA2006   2024-09-14General BookCentral Library, BUET 
102750  162014-09-24Central Library, BUET532/QUA/2006Circulation section2025-11-092014-09-2422025-08-10532_000000000000000_QUA_2006    General BookCentral Library, BUET 
102751  152014-09-24Central Library, BUET532/QUA/2006Circulation section2026-04-122014-09-2432026-03-30532_000000000000000_QUA_2006  1 General BookCentral Library, BUET 
102748  242015-08-17Central Library, BUET532/QUA/2006Circulation section2025-06-302015-08-1742025-06-30532_000000000000000_QUA_2006   2025-07-14General BookCentral Library, BUET 
102752  102018-04-21Central Library, BUET532/QUA/2006Circulation section2023-12-022006-11-0652023-12-02532_000000000000000_QUA_2006   2023-12-16General BookCentral Library, BUET